| 000 -LEADER |
| fixed length control field |
00591nam a22001577a 4500 |
| 020 ## - INTERNATIONAL STANDARD BOOK NUMBER |
| ISBN |
9780429060205 |
| 082 ## - DEWEY DECIMAL CLASSIFICATION NUMBER |
| Classification number |
371.396 |
| Item number |
R118I 2020 |
| 100 ## - MAIN ENTRY--AUTHOR NAME |
| Personal name |
Race, Philip, author. |
| 245 ## - TITLE STATEMENT |
| Title |
The lecturer's toolkit : a practical guide to assessment, learning and teaching / Philip Race. |
| 250 ## - EDITION STATEMENT |
| Edition statement |
Fifth edition. |
| 260 ## - PUBLICATION, DISTRIBUTION, ETC. (IMPRINT) |
| Place of publication |
Abingdon, Oxon ; New York, NY : |
| Name of publisher |
Taylor & Francis Group, |
| Year of publication |
2020. |
| 300 ## - PHYSICAL DESCRIPTION |
| Number of Pages |
1 online resource, xx, [342] pages. |
| 500 ## - GENERAL NOTE |
| General note |
Includes bibliographical references and index. |
| 650 ## - SUBJECT ADDED ENTRY--TOPICAL TERM |
| Topical Term |
Lecture method in teaching -- Handbooks, manuals, etc. |
| 942 ## - ADDED ENTRY ELEMENTS (KOHA) |
| Koha item type |
Electronic Books |